Princezná so zlatou hviezdou : balet v 5. obrazoch ; klavírny výťah /

Uložené v:
Podrobná bibliografia
Hlavný autor: Fest-Spišiak, Radovan (Composer)
Ďalší autori: Walló, Karel Michael, 1914-1990 (Lyricist)
Médium: Hudobnina
Jazyk:Slovak
Vydané: Bratislava : Slovenský hudobný fond, 1965.
Fyzický popis: 1 partitúra (188 strán).
Tagy: Pridať tag
Žiadne tagy, Buďte prvý kto otaguje tento záznam!

MARC

LEADER 00000ncm a22000002i 4500
001 000074821
005 20240620145354.0
008 001002s1965 xo e sloo
020 |q (viazané)  |c Kčs 190,00 
040 |a SVKK  |b slo  |c SVKK  |e rda 
041 0 |a slo 
044 |a xo  |c SK 
100 1 |a Fest-Spišiak, Radovan  |4 cmp 
245 1 0 |a Princezná so zlatou hviezdou :  |b balet v 5. obrazoch ; klavírny výťah /  |c Radovan Fet-Spišiak ; Libretto: K. M. Walló. 
264 1 |a Bratislava :  |b Slovenský hudobný fond,  |c 1965. 
300 |a 1 partitúra (188 strán). 
336 |a zápis hudby  |b ntm  |2 rdacontent 
337 |a bez média  |b n  |2 rdamedia 
338 |a zväzok  |b nc  |2 rdacarrier 
500 |a Záznam revízie 
700 1 |a Walló, Karel Michael,  |d 1914-1990  |4 lyr 
910 |a svkkk 
998 |a MU 
090 |g SCKHL  |k Sklad Pribinova 3. posch.  |a V.44342  |j 354737  |i 2720968170  |s Absenčne